000
00220 a2200097 4500
001
6203
100
_a
Zbar, P.B
245
_a
Basic radio and radio receiver servicing
260
_a
_b
McGraw-Hill
_c
090
_c
5091
_d
5091
942
_a
NUST-CAE
_c
M
_c
31480
999
_c
241276
_d
241276